000 00531nam a2200181Ia 4500
999 _c28545
_d28545
003 OSt
005 20201214142701.0
008 190216s9999||||xx |||||||||||||| ||und||
020 _a9788126405121
040 _coclc
082 _a894.8124
_bKAL/J
100 _aKalam, A P J Abdul
_92031
245 0 _aJwalikkunna Manassukal = Ignited Minds /
_cA P J Abdul Kalam
260 _bD C Books,
_aKottayam:
_c2006.
300 _a112p
650 _aLekhanam
942 _cBK
_2ddc
_h894.8124
_iKAL/J
_k894.8124
_mKAL/J